000 00383nam a2200133Ia 4500
005 20251222151328.0
008 251222s9999||||xx |||||||||||||| ||spa||
020 _a9789682322259
082 _a001.42/B92/2013
100 _aBunge, Mario
245 0 _aLa Investigación Científica:
264 _bSiglo XXI Editores
942 _cLIB
999 _c23981
_d23981